Central Library OPAC University of Rajshahi

تذكره سراپا ساخن ;; Tazkira sarapasukhan / (Record no. 81887)

MARC details
000 -LEADER
fixed length control field 00765naa a2200217 a 4500
001 - CONTROL NUMBER
control field 81887
003 - CONTROL NUMBER IDENTIFIER
rucl marc code BD-RjUL
005 - DATE AND TIME OF LATEST TRANSACTION
control field 20230911110249.0
008 - FIXED-LENGTH DATA ELEMENTS--GENERAL INFORMATION
fixed length control field 230911s1970 p ||||| |||| 00| 0 urd d
035 ## - SYSTEM CONTROL NUMBER
System control number (BD-RjUL)81887
040 ## - CATALOGING SOURCE
Original cataloging agency BD-RjUL
Language of cataloging eng
Transcribing agency BD-RjUL
041 ## - LANGUAGE CODE
Language code of text/sound track or separate title urd
082 ## - DEWEY DECIMAL CLASSIFICATION NUMBER
Edition number 23
Classification number 891.439092
Author mark and year LAT 1970
100 ## - MAIN ENTRY--PERSONAL NAME
Personal name Lucknowi, Syed Mohsin Ali Mohsin ;; لکھنوی٫ سید محسن علی محسن
9 (RLIN) 8887
245 10 - TITLE STATEMENT
Title تذكره سراپا ساخن ;; Tazkira sarapasukhan /
Statement of responsibility, etc. Syed Mohsin Ali Mohsin Lucknowi ;; سید محسن علی محسن لکھنوی
260 ## - PUBLICATION, DISTRIBUTION, ETC. (IMPRINT)
Place of publication, distribution, etc. Lahore :
Name of publisher, distributor, etc. Azhar sanj,
Date of publication, distribution, etc. 1970
300 ## - PHYSICAL DESCRIPTION
Pagination 139 p. ;
Size 23 cm
600 ## - SUBJECT ADDED ENTRY--PERSONAL NAME
Personal name لکھنوی٫ سید محسن علی محسن
650 ## - SUBJECT ADDED ENTRY--TOPICAL TERM
Topical term or geographic name as entry element Biography
942 ## - ADDED ENTRY ELEMENTS (KOHA)
Source of classification or shelving scheme Dewey Decimal Classification
Koha item type Books
Holdings
Lost status Source of classification or shelving scheme Damaged status Not for loan Collection code Permanent Location Current Location Shelving location Date acquired Source of acquisition Full call number Date last seen Copy number Koha item type
  Dewey Decimal Classification   Not For Loan Non-fiction Central Library, University of Rajshahi Central Library, University of Rajshahi Reading Room 11/09/2023 Iqbal Academy , Pakistan U 891.439092 LAT 1970 11/09/2023 C-1 Books